| 000 | 00375nam a22001577a 4500 | ||
|---|---|---|---|
| 003 | SGT | ||
| 020 | _a9780702070129 | ||
| 082 |
_a615.7 _bC19W |
||
| 100 | _aWHITTESEA, CATE | ||
| 245 | _aCLINICAL PHARMACY AND THERAPEUTICES | ||
| 260 |
_aDELHI, _bELSEVIER _c2019 |
||
| 300 | _a1094 | ||
| 650 | _aCLINICAL PHARMACY | ||
| 653 | _aPHARMACY THERAPEUTICES | ||
| 942 |
_2ddc _cBK _02 |
||
| 999 |
_c23486 _d23486 |
||